On This Day: May 12th Quiz Stats

 Plays Quiz Updated May 12, 2017

Support Sporcle.
Go Orange.
Score 0/7 Timer 03:00
0 Plays Today
Question Answer Wrong Answers
In North Africa, Tunisia becomes a ______ protectorate.
1881
French
78.2%
German
3.5%
American
1.7%
Dutch
14.7%
This American comedian, known for his ‘seven dirty words’ comedy routine, is born.
1937
George Carlin
77.4%
Richard Pryor
11%
Louis C.K.
3.6%
Bill Hicks
4.9%
A group of pioneers, known as this, depart Springfield, Illinois, for California, on what will become a year-long journey of hardship and cannibalism.
1846
Donner Party
75.2%
Denny Party
3.4%
James Party
7.2%
Lewis Party
13.4%
Former US President Jimmy Carter arrives in Cuba for a five-day visit with Fidel Castro, becoming the first President of the United States, in or out of office, to visit the island since Castro's ______ revolution.
2002
1959
73%
1949
8%
1939
2.4%
1969
12.5%
The US tanker SS Virginia is torpedoed in the mouth of this American river by the German submarine U-507.
1942
Mississippi
59.2%
Columbia
16.8%
Colorado
7%
Rio Grande
13.3%
The Italian-built airship Norge becomes the first vessel to fly over this.
1926
North Pole
44.5%
Atlantic Ocean
21.2%
Mediterranean Sea
19.7%
Mount Everest
11.8%
The National University of San Marcos, the oldest university in the Americas, is founded in this South American capital city.
1551
Lima
30.2%
Buenos Aires
40.6%
San José
10.3%
Rio de Janeiro
18.7%

You're not logged in!

Compare scores with friends on all Sporcle quizzes.
OR
Log In

From the Vault

Historical Winners and Losers

by Cortez

You win some, you lose some...
Remove Ads.
Support Sporcle.
Get the best of Sporcle when you Go Orange. This ad-free experience offers more features, more stats, and more fun while also helping to support Sporcle. Thank you for becoming a member.

Show Comments

Extras

Top Quizzes Today


Score Distribution

Your Account Isn't Verified!

In order to create a playlist on Sporcle, you need to verify the email address you used during registration. Go to your Sporcle Settings to finish the process.

Report this User

Report this user for behavior that violates our Community Guidelines.

Details: